Statistics for The Tree-Mendously Easy Christmas Quiz!

Click here to take the quiz!

General Stats

  • This quiz has been taken 44 times
  • The average score is 9 of 10

Answer Stats

QuestionAnswer% Correct
What day is Christmas?25th December
100%
What goes on top of a Christmas tree?An angel
100%
What do you leave out for Santa Claus to put presents in?A stocking
100%
Which of these is NOT one of Santa's reindeer?Steve
97%
Where does Father Christmas live?The North Pole
97%
Which of these people came to visit the baby Jesus?Wise Men
97%
What bird is eaten at Christmas?Turkey
92%
How many days of Christmas are there traditionally?12
87%
Complete this carol; 'Good King Wenceslas looked out...'On the feast of Stephen
85%
What fruit is traditionally eaten at Christmas?Tangerines
77%

Score Distribution

Percentile by Number Answered

Percent of People with Each Score

Your Score History

You have not taken this quiz